Alex Haley's "Roots" - Statistics

General Stats
  • This quiz has been taken 17 times
  • The average score is 6 of 23
Answer Stats
Hint Answer % Correct
__________ George Chicken
92%
Country where the main character was born The Gambia
75%
Name of the main character's daughter Kizzy
58%
Main character's slave name Toby
58%
Number of George's children eight
42%
Name of the main character's wife Bell
33%
Main character's mother's first name Binta
33%
Main character's ethnicity Mindinka
33%
George's father's first name Tom
33%
Name of the main character's hometown Juffure
25%
Colony (later state) where the main character was sold at an auction Maryland
25%
Main character's father's first name Omoro
25%
Skilled trade of George's fourth son blacksmith
17%
Reason that the main character's daughter was sold from her parents' farm forgery
17%
Main character/protagonist's full name Kunte Kinte
17%
Name of the ship that brought the main character from Africa Lord Ligonier
17%
Name of the major river in the homeland of the main character in his native language Kamby Bolongo
8%
Dysentery was known by this term on the slave ship The flux
8%
Main character's word for white people Toubob
8%
Main character's owner's last name Waller
8%
First name of the main character's brother Lamin
0%
George's teacher Mingo
0%
Meaning of the name of the main character's daughter stays put
0%
No matching quizzes found
Score Distribution
Percent of People with Each Score
Percentile by Number Answered
Your Score History
You have not taken this quiz